| 000 | 00408cam a22001337a 4500 | ||
|---|---|---|---|
| 008 | 180718b1966 xxu||||| |||| 00| 0 eng d | ||
| 020 | _a11 700041 8 | ||
| 082 | _aOAx42 Si35 | ||
| 100 | _aSillitoe,K.K. | ||
| 245 |
_aGovernment social survey : Planning for leisure _cBy K.K. Sillitoe |
||
| 260 |
_aLondon _bHer Majestry's stationery office _c1966 |
||
| 300 | _axiv, 261p | ||
| 650 | _aRecreation - Great Britain | ||
| 999 |
_c410491 _d410491 |
||